书目信息 |
| 题名: |
超超临界机组锅炉设备及系统
|
|
| 作者: | 朱全利 主编 | |
| 分册: | ||
| 出版信息: | 北京 化学工业出版社 2008.08 |
|
| 页数: | 264页 | |
| 开本: | 26cm | |
| 丛书名: | 超超临界火力发电机组技术丛书 | |
| 单 册: | ||
| 中图分类: | TM621.2 | |
| 科图分类: | ||
| 主题词: | 火电厂--huo dian chang--锅炉运行 | |
| 电子资源: | ||
| ISBN: | 978-7-122-02725-2 | |
| 000 | 01045nam 2200265 450 | |
| 001 | 012009154771 | |
| 005 | 20090621103711.34 | |
| 010 | @a978-7-122-02725-2@dCNY48.00 | |
| 100 | @a20090621d2008 em y0chiy0120 ea | |
| 101 | 0 | @achi |
| 102 | @aCN@b110000 | |
| 105 | @aak a 000yy | |
| 106 | @ar | |
| 200 | 1 | @a超超临界机组锅炉设备及系统@Achao chao lin jie ji zu guo lu she bei ji xi tong@f朱全利主编@Fzhu quan li zhu bian |
| 210 | @a北京@c化学工业出版社@d2008.08 | |
| 215 | @a264页@c图@d26cm | |
| 225 | 2 | @a超超临界火力发电机组技术丛书@Achao chao lin jie huo li fa dian ji zu ji shu cong shu |
| 320 | @a有书目 (第264页) | |
| 330 | @a本书详细介绍了我国引进型超临界锅炉的基本形式、构造和发展,超临界锅炉的水动力特性、热化学问题;详细地阐述了超临界锅炉的启停、停运、运行调整和运行操作、故障处理等问题。 | |
| 410 | 0 | @12001 @a超超临界火力发电机组技术丛书 |
| 606 | 0 | @a火电厂@Ahuo dian chang@x锅炉运行 |
| 690 | @aTM621.2@v4 | |
| 701 | 0 | @a朱全利@Azhu quan li@4主编 |
| 801 | 0 | @aCN@bQSSK@c20090621 |
| 905 | @b745284-86@dTM621.2@eZ863@f3 | |
| 超超临界机组锅炉设备及系统/朱全利主编.-北京:化学工业出版社,2008.08 |
| 264页:图;26cm.-(超超临界火力发电机组技术丛书) |
| ISBN 978-7-122-02725-2:CNY48.00 |
| 本书详细介绍了我国引进型超临界锅炉的基本形式、构造和发展,超临界锅炉的水动力特性、热化学问题;详细地阐述了超临界锅炉的启停、停运、运行调整和运行操作、故障处理等问题。 |
| ● |
| 相关链接 |
|
|
|
正题名:超超临界机组锅炉设备及系统
索取号:TM621.2/Z863
 
预约/预借
| 序号 | 登录号 | 条形码 | 馆藏地/架位号 | 状态 | 备注 |
| 1 | 745284 | 207452843 | 自科库301/301自科库 10排4列2层/ [索取号:TM621.2/Z863] | 在馆 | |
| 2 | 745285 | 207452852 | 自科库301/301自科库 15排2列2层/ [索取号:TM621.2/Z863] | 在馆 | |
| 3 | 745286 | 207452861 | 期刊室512/301自科库 10排4列2层/ [索取号:TM621.2/Z863] | 在馆 |